Eastern Utah Libraries Catalog: Duchesne, Heber, Roosevelt, & Vernal

Disneynature wings of life / (Record no. 367160)

MARC details
000 -LEADER
fixed length control field 04528cgm a2201021Ia 4500
001 - CONTROL NUMBER
control field ocn861634347
003 - CONTROL NUMBER IDENTIFIER
control field OCoLC
005 - DATE AND TIME OF LATEST TRANSACTION
control field 20211102144542.0
007 - PHYSICAL DESCRIPTION FIXED FIELD--GENERAL INFORMATION
fixed length control field vd csaizq
007 - PHYSICAL DESCRIPTION FIXED FIELD--GENERAL INFORMATION
fixed length control field vd cvaizu
008 - FIXED-LENGTH DATA ELEMENTS--GENERAL INFORMATION
fixed length control field 131028s2013 cau080 vleng d
040 ## - CATALOGING SOURCE
Original cataloging agency KSA
Language of cataloging eng
Transcribing agency KSA
Modifying agency OCLCO
-- OCLCF
-- OCLCA
-- OCLCQ
-- OCLCO
-- OCLCA
-- WACOL
024 1# - OTHER STANDARD IDENTIFIER
Standard number or code 786936834130
028 41 - PUBLISHER NUMBER
Publisher number 111515
Source Disneynature
035 ## - SYSTEM CONTROL NUMBER
System control number (OCoLC)861634347
041 1# - LANGUAGE CODE
Language code of text/sound track or separate title eng
-- fre
-- spa
-- eng
-- fre
-- spa
Language code of original and/or intermediate translations of text eng
050 14 - LIBRARY OF CONGRESS CALL NUMBER
Classification number QK926
Item number .W56 2013
082 04 - DEWEY DECIMAL CLASSIFICATION NUMBER
Classification number 571.8642
Edition number 23
092 ## - LOCALLY ASSIGNED DEWEY CALL NUMBER (OCLC)
Classification number 571
Item number Dis
049 ## - LOCAL HOLDINGS (OCLC)
Holding library WACL
245 00 - TITLE STATEMENT
Title Disneynature wings of life /
Statement of responsibility, etc Disneynature presents ; a Blacklight Films production ; a Louie Schwartzberg film ; story by Louie Schwartzberg ; produced by Alix Tidmarsh and Louie Schwartzberg ; directed by Louie Schwartzberg.
246 3# - VARYING FORM OF TITLE
Title proper/short title Disney nature wings of life
246 30 - VARYING FORM OF TITLE
Title proper/short title Wings of life
246 3# - VARYING FORM OF TITLE
Title proper/short title Pollen
250 ## - EDITION STATEMENT
Edition statement Widescreen version.
260 ## - PUBLICATION, DISTRIBUTION, ETC. (IMPRINT)
Place of publication, distribution, etc Burbank, Calif :
Name of publisher, distributor, etc Distributed by Buena Vista Home Entertainment,
Date of publication, distribution, etc 2013.
300 ## - PHYSICAL DESCRIPTION
Extent 1 videodisc (approximately 80 min.) :
Other physical details sound, color ;
Dimensions 4 3/4 in. +
Accompanying material 1 Blu-ray videodisc.
336 ## - Content Type
Content type term two-dimensional moving image
337 ## - Media type
Media type term video
338 ## - Carrier type
Carrier type term videodisc
490 1# - SERIES STATEMENT
Series statement Disney Blu-ray
538 ## - SYSTEM DETAILS NOTE
System details note DVD.
546 ## - LANGUAGE NOTE
Language note In English, French and Spanish; with French and Spanish subtitles.
546 ## - LANGUAGE NOTE
Language note Subtitles in English for the deaf and hard-of-hearing.
500 ## - GENERAL NOTE
General note Title from title container.
511 0# - PARTICIPANT OR PERFORMER NOTE
Participant or performer note Narrated by Meryl Streep.
508 ## - CREATION/PRODUCTION CREDITS NOTE
Creation/production credits note Music by Bliss: Marc-George Andersen and Steffen Aaskoven ; film editor, Jonathan Shaw ; directors of photography, Louis Schwartzberg, Keith Brust.
500 ## - GENERAL NOTE
General note Originally released as a documentary film in 2013.
500 ## - GENERAL NOTE
General note Accompanied by Blu-ray disc.
521 8# - TARGET AUDIENCE NOTE
Target audience note MPAA rating: G.
520 ## - SUMMARY, ETC.
Summary, etc This intimate and unprecedented look at butterflies, hummingbirds, bees, bats and flowers is a celebration of life, as a third of the world's food supply depends on these incredible and increasingly threatened creatures. Directed by acclaimed filmmaker Louie Schwartzberg, 'Wings of Life' utilizes riveting high-speed, closer-than-close filmmaking techniques to showcase in spectacular detail these unsung heroes of our planet.
521 ## - TARGET AUDIENCE NOTE
Target audience note DVD
Source Donation
650 #0 - SUBJECT ADDED ENTRY--TOPICAL TERM
Topical term or geographic name as entry element Pollination.
650 #0 - SUBJECT ADDED ENTRY--TOPICAL TERM
Topical term or geographic name as entry element Pollinators.
9 (RLIN) 5865956
650 #0 - SUBJECT ADDED ENTRY--TOPICAL TERM
Topical term or geographic name as entry element Insect pollinators.
9 (RLIN) 6432512
650 #0 - SUBJECT ADDED ENTRY--TOPICAL TERM
Topical term or geographic name as entry element Insects.
650 #0 - SUBJECT ADDED ENTRY--TOPICAL TERM
Topical term or geographic name as entry element Birds.
650 #0 - SUBJECT ADDED ENTRY--TOPICAL TERM
Topical term or geographic name as entry element Nature.
650 #0 - SUBJECT ADDED ENTRY--TOPICAL TERM
Topical term or geographic name as entry element Plants.
650 #0 - SUBJECT ADDED ENTRY--TOPICAL TERM
Topical term or geographic name as entry element Flowers.
650 #0 - SUBJECT ADDED ENTRY--TOPICAL TERM
Topical term or geographic name as entry element Butterflies.
650 #0 - SUBJECT ADDED ENTRY--TOPICAL TERM
Topical term or geographic name as entry element Hummingbirds.
650 #0 - SUBJECT ADDED ENTRY--TOPICAL TERM
Topical term or geographic name as entry element Bees.
650 #0 - SUBJECT ADDED ENTRY--TOPICAL TERM
Topical term or geographic name as entry element Bats.
650 #7 - SUBJECT ADDED ENTRY--TOPICAL TERM
Topical term or geographic name as entry element Bats.
Source of heading or term fast
-- (OCoLC)fst00828821
9 (RLIN) 6432513
650 #7 - SUBJECT ADDED ENTRY--TOPICAL TERM
Topical term or geographic name as entry element Bees.
Source of heading or term fast
-- (OCoLC)fst00829774
9 (RLIN) 6432514
650 #7 - SUBJECT ADDED ENTRY--TOPICAL TERM
Topical term or geographic name as entry element Birds.
Source of heading or term fast
-- (OCoLC)fst00832970
9 (RLIN) 6432515
650 #7 - SUBJECT ADDED ENTRY--TOPICAL TERM
Topical term or geographic name as entry element Butterflies.
Source of heading or term fast
-- (OCoLC)fst00843103
9 (RLIN) 6432516
650 #7 - SUBJECT ADDED ENTRY--TOPICAL TERM
Topical term or geographic name as entry element Flowers.
Source of heading or term fast
-- (OCoLC)fst00927866
9 (RLIN) 6432517
650 #7 - SUBJECT ADDED ENTRY--TOPICAL TERM
Topical term or geographic name as entry element Hummingbirds.
Source of heading or term fast
-- (OCoLC)fst00963726
9 (RLIN) 6432518
650 #7 - SUBJECT ADDED ENTRY--TOPICAL TERM
Topical term or geographic name as entry element Insect pollinators.
Source of heading or term fast
-- (OCoLC)fst00974023
9 (RLIN) 6432512
650 #7 - SUBJECT ADDED ENTRY--TOPICAL TERM
Topical term or geographic name as entry element Insects.
Source of heading or term fast
-- (OCoLC)fst00974074
9 (RLIN) 6432519
650 #7 - SUBJECT ADDED ENTRY--TOPICAL TERM
Topical term or geographic name as entry element Nature.
Source of heading or term fast
-- (OCoLC)fst01034561
9 (RLIN) 6432520
650 #7 - SUBJECT ADDED ENTRY--TOPICAL TERM
Topical term or geographic name as entry element Plants.
Source of heading or term fast
-- (OCoLC)fst01065823
9 (RLIN) 6432521
650 #7 - SUBJECT ADDED ENTRY--TOPICAL TERM
Topical term or geographic name as entry element Pollination.
Source of heading or term fast
-- (OCoLC)fst01070035
9 (RLIN) 6432522
650 #7 - SUBJECT ADDED ENTRY--TOPICAL TERM
Topical term or geographic name as entry element Pollinators.
Source of heading or term fast
-- (OCoLC)fst01070039
9 (RLIN) 5865956
655 #7 - INDEX TERM--GENRE/FORM
Genre/form data or focus term Documentary films.
Source of term fast
-- (OCoLC)fst01710390
655 #7 - INDEX TERM--GENRE/FORM
Genre/form data or focus term Educational films.
Source of term fast
-- (OCoLC)fst01726235
9 (RLIN) 5684719
655 #7 - INDEX TERM--GENRE/FORM
Genre/form data or focus term Films for the hearing impaired.
Source of term fast
-- (OCoLC)fst01710386
655 #7 - INDEX TERM--GENRE/FORM
Genre/form data or focus term Nature films.
Source of term fast
-- (OCoLC)fst01726238
9 (RLIN) 5752372
655 #7 - INDEX TERM--GENRE/FORM
Genre/form data or focus term Nonfiction films.
Source of term fast
-- (OCoLC)fst01710269
655 #7 - INDEX TERM--GENRE/FORM
Genre/form data or focus term Wildlife films.
Source of term fast
-- (OCoLC)fst01726239
9 (RLIN) 5879089
655 #7 - INDEX TERM--GENRE/FORM
Genre/form data or focus term Documentary films.
Source of term lcgft
9 (RLIN) 6432523
655 #7 - INDEX TERM--GENRE/FORM
Genre/form data or focus term Educational films.
Source of term lcgft
9 (RLIN) 5684719
655 #7 - INDEX TERM--GENRE/FORM
Genre/form data or focus term Nonfiction films.
Source of term lcgft
9 (RLIN) 6432524
655 #7 - INDEX TERM--GENRE/FORM
Genre/form data or focus term Nature films.
Source of term lcgft
9 (RLIN) 5752372
655 #7 - INDEX TERM--GENRE/FORM
Genre/form data or focus term Wildlife films.
Source of term lcgft
9 (RLIN) 5879089
655 #7 - INDEX TERM--GENRE/FORM
Genre/form data or focus term Films for the hearing impaired.
Source of term lcgft
9 (RLIN) 6432525
700 1# - ADDED ENTRY--PERSONAL NAME
Personal name Schwartzberg, Louis.
9 (RLIN) 6432526
700 1# - ADDED ENTRY--PERSONAL NAME
Personal name Tidmarsh, Alix.
9 (RLIN) 5887111
700 1# - ADDED ENTRY--PERSONAL NAME
Personal name Streep, Meryl.
9 (RLIN) 14132
710 2# - ADDED ENTRY--CORPORATE NAME
Corporate name or jurisdiction name as entry element Disneynature (Firm)
9 (RLIN) 5863544
710 2# - ADDED ENTRY--CORPORATE NAME
Corporate name or jurisdiction name as entry element Blacklight Films (Firm)
9 (RLIN) 6432527
710 2# - ADDED ENTRY--CORPORATE NAME
Corporate name or jurisdiction name as entry element Buena Vista Home Entertainment (Firm)
9 (RLIN) 64615
730 0# - ADDED ENTRY--UNIFORM TITLE
Uniform title Wings of life (Motion picture)
9 (RLIN) 6432528
830 #0 - SERIES ADDED ENTRY--UNIFORM TITLE
Uniform title Disney Blu-ray.
9 (RLIN) 5747017
994 ## -
-- C0
-- WACOL
Holdings
Withdrawn status Lost status Source of classification or shelving scheme Materials specified (bound volume or other part) Damaged status Not for loan Collection code Home library Current library Shelving location Date acquired Source of acquisition Total Checkouts Full call number Barcode Date last seen Date checked out Cost, replacement price Price effective from Koha item type
    Dewey Decimal Classification 2 discs     Movies Wasatch County Library Wasatch County Library Audio Visual Area 11/02/2021 Donation 1 BLU 571 Dis 34301001884511 12/13/2024 11/26/2024 17.99 11/02/2021 Blu-ray/DVD
This project was made possible through a grant from the Institute of Museum and Library Service administered by the Utah State Library Division.

Wasatch County Library

  • 465 East 1200 South, Heber City, Utah 84032
  • Phone 435-654-1511 | Fax 435-654-6456

Hours

  • Monday - Friday 9:30 AM - 8:00 PM
  • Saturday 9:30 AM - 1:30 PM
  • Closed Sundays and Holidays